000 00635nam a2200217Ii 4500
003 JO-AjNU
008 230606s9999||||xx |||||||||||||| ||und||
020 _a978-0-07-014179-7
040 _aJO-AjNU
_beng
_erda
_cJO-AjNU
041 _aeng
050 1 4 _aQA76.9.2010
100 3 _aCarter,Nicholas,
_eauthor
_9158
245 0 0 _aComputer Architecture And Organization
250 _a2 ed
264 3 1 _aTataMagraw-hill puplushing Company Limited:NewDELHI,2010
300 _a1250p
336 _atext
_btxt
_2rdacontent
337 _aunmediated
_bn
_2rdamedia
338 _avolume
_bnc
_2rdacarrier
650 4 _aComputer architecture. 
_9159
999 _aE83
_c83
_d83